[Event "U20 Polish Youth Championship"]
[Site "Ustron"]
[Date "2019.11.26"]
[Round "5"]
[White "Kalkowski, Igor"]
[Black "Turski, Bartlomiej"]
[Result "1-0"]
[Board "20"]
[WhiteElo "1965"]
[WhiteCountry "POL"]
[WhiteFideId "21833966"]
[WhiteEloChange "11"]
[BlackElo "1993"]
[BlackCountry "POL"]
[BlackFideId "21810567"]
[BlackEloChange "-11"]

1. g3 {[%clk 1:30:57]} g6 {[%clk 1:29:25]} 2. Bg2 {[%clk 1:31:03]} Bg7 {[%clk
1:29:40]} 3. e4 {[%clk 1:31:13]} c5 {[%clk 1:29:44]} 4. Nf3 {[%clk 1:31:33]} Nc6
{[%clk 1:29:45]} 5. O-O {[%clk 1:31:44]} e6 {[%clk 1:28:53]} 6. d3 {[%clk
1:32:05]} Nge7 {[%clk 1:29:08]} 7. Nbd2 {[%clk 1:32:18]} O-O {[%clk 1:29:00]} 8.
Re1 {[%clk 1:32:27]} d6 {[%clk 1:26:30]} 9. c3 {[%clk 1:31:36]} f5 {[%clk
1:15:55]} 10. exf5 {[%clk 1:30:33]} Nxf5 {[%clk 1:14:47]} 11. Ne4 {[%clk
1:28:24]} h6 {[%clk 1:10:56]} 12. a4 {[%clk 1:18:12]} b6 {[%clk 1:09:35]} 13. h4
{[%clk 1:10:12]} d5 {[%clk 1:04:02]} 14. Ned2 {[%clk 1:10:33]} Qf6 {[%clk
1:01:50]} 15. Nf1 {[%clk 1:05:48]} Bd7 {[%clk 1:00:51]} 16. N1h2 {[%clk 1:05:09]}
e5 {[%clk 0:52:27]} 17. Ng4 {[%clk 1:04:06]} Qd6 {[%clk 0:51:14]} 18. Nfxe5
{[%clk 1:01:50]} Nxe5 {[%clk 0:45:41]} 19. Bf4 {[%clk 1:01:53]} Rae8 {[%clk
0:34:17]} 20. d4 {[%clk 1:02:01]} cxd4 {[%clk 0:31:37]} 21. cxd4 {[%clk 1:02:11]}
Nxd4 {[%clk 0:29:24]} 22. Nxe5 {[%clk 0:57:32]} Rxe5 {[%clk 0:27:36]} 23. Rxe5
{[%clk 0:50:39]} Bxe5 {[%clk 0:27:09]} 24. Qxd4 {[%clk 0:50:53]} Rxf4 {[%clk
0:26:28]} 25. Qxd5+ {[%clk 0:51:01]} Rf7 {[%clk 0:26:18]} 26. Qxd6 {[%clk
0:50:57]} Bxd6 {[%clk 0:26:31]} 27. Bd5 {[%clk 0:51:21]} Kf8 {[%clk 0:26:46]} 28.
Bxf7 {[%clk 0:51:15]} Kxf7 {[%clk 0:27:15]} 29. a5 {[%clk 0:50:12]} Be5 {[%clk
0:25:24]} 30. Re1 {[%clk 0:43:27]} Bxb2 {[%clk 0:24:56]} 31. axb6 {[%clk
0:43:50]} axb6 {[%clk 0:25:14]} 32. Rb1 {[%clk 0:44:15]} Bd4 {[%clk 0:25:39]} 33.
Rd1 {[%clk 0:44:42]} Bxf2+ {[%clk 0:24:14]} 34. Kxf2 {[%clk 0:45:02]} Ke7 {[%clk
0:24:17]} 35. Ke3 {[%clk 0:45:14]} b5 {[%clk 0:23:27]} 36. Kf4 {[%clk 0:42:35]}
Ke6 {[%clk 0:23:04]} 37. g4 {[%clk 0:33:32]} Bc6 {[%clk 0:22:03]} 38. Rd8 {[%clk
0:31:51]} Bd5 {[%clk 0:18:39]} 39. Rh8 {[%clk 0:28:02]} h5 {[%clk 0:17:32]} 40.
gxh5 {[%clk 0:57:01]} gxh5 {[%clk 0:48:01]} 41. Rxh5 {[%clk 0:57:08]} b4 {[%clk
0:47:31]} 42. Rh6+ {[%clk 0:55:48]} Kd7 {[%clk 0:47:11]} 43. Ke5 {[%clk 0:54:19]}
Bf7 {[%clk 0:47:21]} 44. Rb6 {[%clk 0:54:15]} b3 {[%clk 0:47:28]} 45. Rb7+ {[%clk
0:52:55]} Ke8 {[%clk 0:47:43]} 46. Kf6 {[%clk 0:52:17]} Bd5 {[%clk 0:47:54]} 47.
Rb5 {[%clk 0:52:33]} Bc4 {[%clk 0:48:12]} 48. Rb4 {[%clk 0:52:57]} Bd5 {[%clk
0:48:36]} 49. h5 {[%clk 0:53:17]} 1-0

[Event "U20 Polish Youth Championship"]
[Site "Ustron"]
[Date "2019.11.26"]
[Round "5"]
[White "Stachecki, Mikolaj"]
[Black "Czernek, Tymon"]
[Result "0-1"]
[Board "21"]
[WhiteElo "1901"]
[WhiteCountry "POL"]
[WhiteFideId "21838810"]
[WhiteEloChange "-5"]
[BlackElo "2097"]
[BlackCountry "POL"]
[BlackFideId "1199510"]
[BlackEloChange "5"]

1. e4 {[%clk 1:30:30]} c5 {[%clk 1:30:30]} 2. Nf3 {[%clk 1:30:44]} d6 {[%clk
1:30:30]} 3. d4 {[%clk 1:30:44]} cxd4 {[%clk 1:30:44]} 4. Nxd4 {[%clk 1:30:44]}
Nf6 {[%clk 1:30:44]} 5. Nc3 {[%clk 1:30:59]} a6 {[%clk 1:30:44]} 6. Be2 {[%clk
1:31:24]} e5 {[%clk 1:30:44]} 7. Nb3 {[%clk 1:31:43]} Be7 {[%clk 1:31:09]} 8. Be3
{[%clk 1:32:03]} Be6 {[%clk 1:31:34]} 9. Nd5 {[%clk 1:32:03]} Nbd7 {[%clk
1:31:54]} 10. Qd3 {[%clk 1:32:28]} Bxd5 {[%clk 1:32:14]} 11. exd5 {[%clk
1:32:48]} Nc5 {[%clk 1:32:38]} 12. Nxc5 {[%clk 1:33:08]} dxc5 {[%clk 1:32:58]}
13. c4 {[%clk 1:33:08]} e4 {[%clk 1:31:41]} 14. Qc2 {[%clk 1:30:29]} O-O {[%clk
1:30:44]} 15. O-O {[%clk 1:17:58]} Qc7 {[%clk 1:31:04]} 16. f3 {[%clk 1:10:54]}
exf3 {[%clk 1:31:24]} 17. Bxf3 {[%clk 0:55:20]} Bd6 {[%clk 1:28:18]} 18. g3
{[%clk 0:52:35]} Nd7 {[%clk 1:26:13]} 19. Rae1 {[%clk 0:39:16]} f5 {[%clk
1:22:41]} 20. Bg2 {[%clk 0:35:02]} g6 {[%clk 1:22:30]} 21. Bd2 {[%clk 0:29:21]}
Be5 {[%clk 1:16:44]} 22. Bc3 {[%clk 0:27:47]} Qd6 {[%clk 1:14:45]} 23. Re2 {[%clk
0:25:27]} Rae8 {[%clk 1:13:52]} 24. Rfe1 {[%clk 0:25:26]} Re7 {[%clk 1:13:15]}
25. Bxe5 {[%clk 0:17:01]} Nxe5 {[%clk 1:12:23]} 26. Qc3 {[%clk 0:17:15]} Rfe8
{[%clk 1:12:43]} 27. a3 {[%clk 0:17:25]} b5 {[%clk 1:09:46]} 28. b3 {[%clk
0:15:51]} Kf7 {[%clk 1:05:02]} 29. Kh1 {[%clk 0:13:46]} h5 {[%clk 1:00:53]} 30.
Qc1 {[%clk 0:04:28]} Kf6 {[%clk 0:54:33]} 31. h4 {[%clk 0:04:11]} Ng4 {[%clk
0:49:41]} 32. Qg5+ {[%clk 0:03:44]} Kf7 {[%clk 0:49:45]} 33. Re6 {[%clk 0:02:56]}
Rxe6 {[%clk 0:49:44]} 34. Rxe6 {[%clk 0:03:21]} Rxe6 {[%clk 0:49:43]} 35. dxe6+
{[%clk 0:03:21]} Kg7 {[%clk 0:49:31]} 36. Bd5 {[%clk 0:03:41]} bxc4 {[%clk
0:45:30]} 37. bxc4 {[%clk 0:04:05]} Qb8 {[%clk 0:41:55]} 38. Qe7+ {[%clk
0:01:49]} Kg8 {[%clk 0:39:34]} 39. Qb7 Qxb7 {[%clk 0:38:40]} 40. Bxb7 a5 {[%clk
0:38:59]} 41. Bd5 Kf8 {[%clk 0:34:01]} 42. Kg2 Ne3+ {[%clk 0:34:15]} 43. Kf3 Nc2
{[%clk 0:34:40]} 44. a4 Ke7 {[%clk 0:34:28]} 45. Kf4 Kf6 {[%clk 0:34:06]} 46. Kf3
Nd4+ {[%clk 0:34:15]} 47. Kf2 Nxe6 {[%clk 0:33:37]} 48. Bxe6 Kxe6 {[%clk
0:34:02]} 49. Kf3 Kf6 {[%clk 0:34:11]} 50. Kf4 g5+ {[%clk 0:33:23]} 51. hxg5+ Kg6
{[%clk 0:33:43]} 52. Ke3 Kxg5 {[%clk 0:33:36]} 53. Kf3 f4 {[%clk 0:33:36]} 54.
gxf4+ Kf5 {[%clk 0:34:01]} 55. Kg3 Ke4 {[%clk 0:34:05]} 56. Kh4 Kxf4 {[%clk
0:34:24]} 57. Kxh5 Ke4 {[%clk 0:34:44]} 58. Kg4 Kd4 {[%clk 0:35:09]} 59. Kf4 Kxc4
{[%clk 0:35:34]} 0-1

[Event "U20 Polish Youth Championship"]
[Site "Ustron"]
[Date "2019.11.26"]
[Round "5"]
[White "Karolczuk, Iwo"]
[Black "Gardian, Adam"]
[Result "1-0"]
[Board "22"]
[WhiteElo "1982"]
[WhiteCountry "POL"]
[WhiteFideId "21816972"]
[WhiteEloChange "6"]
[BlackElo "1835"]
[BlackCountry "POL"]
[BlackFideId "21831130"]
[BlackEloChange "-6"]

1. Nf3 {[%clk 1:30:58]} Nf6 {[%clk 1:30:19]} 2. d4 {[%clk 1:31:22]} d5 {[%clk
1:30:41]} 3. c4 {[%clk 1:31:48]} c6 {[%clk 1:31:06]} 4. e3 {[%clk 1:32:13]} a6
{[%clk 1:30:39]} 5. Bd3 {[%clk 1:31:26]} Bg4 {[%clk 1:27:19]} 6. Nbd2 {[%clk
1:27:10]} b5 {[%clk 1:24:36]} 7. cxd5 {[%clk 1:18:02]} cxd5 {[%clk 1:24:53]} 8.
h3 {[%clk 1:17:39]} Bh5 {[%clk 1:25:10]} 9. a4 {[%clk 1:06:56]} b4 {[%clk
1:25:01]} 10. a5 {[%clk 1:07:08]} e6 {[%clk 1:13:29]} 11. Qa4+ {[%clk 0:57:25]}
Nfd7 {[%clk 1:12:39]} 12. Ne5 {[%clk 0:55:46]} Qc8 {[%clk 1:11:15]} 13. Nb3
{[%clk 0:53:17]} Bd6 {[%clk 1:07:34]} 14. f4 {[%clk 0:52:03]} f6 {[%clk 1:06:38]}
15. Nxd7 {[%clk 0:52:18]} Qxd7 {[%clk 1:04:51]} 16. Bd2 {[%clk 0:51:53]} Qxa4
{[%clk 1:01:59]} 17. Rxa4 {[%clk 0:52:15]} Nc6 {[%clk 1:02:27]} 18. Nc5 {[%clk
0:48:20]} Bxc5 {[%clk 1:02:51]} 19. dxc5 {[%clk 0:48:46]} Bg6 {[%clk 1:03:11]}
20. Bxg6+ {[%clk 0:48:18]} hxg6 {[%clk 1:03:36]} 21. Bxb4 {[%clk 0:48:30]} Rb8
{[%clk 1:03:55]} 22. Bc3 {[%clk 0:46:24]} Rb5 {[%clk 1:02:33]} 23. O-O {[%clk
0:40:50]} Rxc5 {[%clk 0:59:27]} 24. e4 {[%clk 0:38:40]} Kd7 {[%clk 0:58:08]} 25.
exd5 {[%clk 0:39:37]} Rxd5 {[%clk 0:58:07]} 26. Re1 {[%clk 0:39:02]} Rb8 {[%clk
0:54:46]} 27. Rae4 {[%clk 0:36:55]} Rd6 {[%clk 0:55:12]} 28. R1e3 {[%clk
0:36:49]} Rb5 {[%clk 0:55:31]} 29. Rg3 {[%clk 0:36:47]} g5 {[%clk 0:54:53]} 30.
fxg5 {[%clk 0:36:36]} fxg5 {[%clk 0:39:36]} 31. h4 {[%clk 0:30:17]} Rd1+ {[%clk
0:37:06]} 32. Kf2 {[%clk 0:29:35]} Rh1 {[%clk 0:28:37]} 33. hxg5 {[%clk 0:24:22]}
g6 {[%clk 0:28:19]} 34. Rd3+ {[%clk 0:21:46]} Rd5 {[%clk 0:28:10]} 35. Rxd5+
{[%clk 0:21:52]} exd5 {[%clk 0:28:16]} 36. Rf4 {[%clk 0:22:07]} Rd1 {[%clk
0:23:49]} 37. Rf7+ {[%clk 0:18:41]} Kd6 {[%clk 0:18:51]} 38. Ke2 {[%clk 0:16:31]}
Rg1 {[%clk 0:18:21]} 39. Rf6+ {[%clk 0:16:44]} Kc5 {[%clk 0:17:52]} 40. Rxg6
{[%clk 0:46:11]} d4 {[%clk 0:47:43]} 41. Bxd4+ {[%clk 0:33:09]} Nxd4+ {[%clk
0:45:55]} 42. Kf2 {[%clk 0:33:22]} Rb1 {[%clk 0:45:53]} 43. Rxa6 {[%clk 0:31:59]}
Rxb2+ {[%clk 0:46:17]} 44. Kg3 {[%clk 0:31:06]} Rb7 {[%clk 0:37:09]} 45. g6
{[%clk 0:29:00]} Kd5 {[%clk 0:37:23]} 46. Kf4 {[%clk 0:26:02]} Ne6+ {[%clk
0:29:54]} 47. Kf5 {[%clk 0:25:47]} Ng7+ {[%clk 0:30:10]} 48. Kf6 {[%clk 0:24:53]}
Nh5+ {[%clk 0:28:36]} 49. Kg5 {[%clk 0:24:51]} Ng7 {[%clk 0:28:59]} 50. Rf6
{[%clk 0:21:59]} Ra7 {[%clk 0:23:08]} 51. Rf7 {[%clk 0:19:13]} Ne6+ {[%clk
0:23:31]} 52. Kh6 {[%clk 0:17:22]} Ra6 {[%clk 0:22:46]} 53. g4 {[%clk 0:14:45]}
Kd6 {[%clk 0:23:12]} 54. g7 {[%clk 0:14:13]} Nxg7 {[%clk 0:23:40]} 55. Kxg7
{[%clk 0:14:16]} Rxa5 {[%clk 0:24:05]} 56. Rf5 {[%clk 0:14:18]} Ra1 {[%clk
0:24:30]} 57. g5 {[%clk 0:14:38]} Rg1 {[%clk 0:24:52]} 58. g6 {[%clk 0:14:40]}
Ke7 {[%clk 0:25:04]} 59. Re5+ {[%clk 0:14:28]} Kd6 {[%clk 0:25:24]} 60. Re2
{[%clk 0:14:53]} Rf1 {[%clk 0:25:50]} 61. Kg8 {[%clk 0:15:04]} Rg1 {[%clk
0:26:14]} 62. g7 {[%clk 0:15:29]} Rf1 {[%clk 0:26:33]} 63. Rh2 {[%clk 0:15:00]}
Ra1 {[%clk 0:26:54]} 64. Kh8 {[%clk 0:15:19]} Kd5 {[%clk 0:26:36]} 1-0

[Event "U20 Polish Youth Championship"]
[Site "Ustron"]
[Date "2019.11.26"]
[Round "5"]
[White "Koloczek, Maciej"]
[Black "Syrkiewicz, Michal"]
[Result "1/2-1/2"]
[Board "23"]
[WhiteElo "1947"]
[WhiteCountry "POL"]
[WhiteFideId "1198785"]
[WhiteEloChange "-1"]
[BlackElo "1928"]
[BlackCountry "POL"]
[BlackFideId "21833494"]
[BlackEloChange "1"]

1. e4 {[%clk 1:30:57]} c5 {[%clk 1:30:57]} 2. Nf3 {[%clk 1:31:15]} e6 {[%clk
1:31:22]} 3. d4 {[%clk 1:31:38]} cxd4 {[%clk 1:31:49]} 4. Nxd4 {[%clk 1:32:02]}
a6 {[%clk 1:32:17]} 5. c4 {[%clk 1:32:25]} Nf6 {[%clk 1:32:43]} 6. Nc3 {[%clk
1:32:39]} Bb4 {[%clk 1:33:07]} 7. Qd3 {[%clk 1:33:02]} O-O {[%clk 1:33:17]} 8. e5
{[%clk 1:27:21]} Ne8 {[%clk 1:33:25]} 9. Be2 {[%clk 1:24:40]} d6 {[%clk 1:33:38]}
10. exd6 {[%clk 1:18:25]} Nxd6 {[%clk 1:32:57]} 11. O-O {[%clk 1:18:18]} e5
{[%clk 1:30:05]} 12. Nb3 {[%clk 1:16:12]} Bf5 {[%clk 1:28:00]} 13. Qg3 {[%clk
1:12:26]} Bxc3 {[%clk 1:26:35]} 14. bxc3 {[%clk 1:11:21]} Nc6 {[%clk 1:24:44]}
15. Ba3 {[%clk 1:09:31]} Qc7 {[%clk 1:21:02]} 16. Rad1 {[%clk 1:07:49]} Rfd8
{[%clk 1:21:04]} 17. f4 {[%clk 0:51:42]} Ne4 {[%clk 1:11:12]} 18. Qe3 {[%clk
0:49:18]} Rxd1 {[%clk 1:10:56]} 19. Bxd1 {[%clk 0:49:01]} exf4 {[%clk 1:06:19]}
20. Rxf4 {[%clk 0:48:43]} Qe5 {[%clk 1:00:14]} 21. Nd4 {[%clk 0:35:18]} Bg6
{[%clk 0:58:02]} 22. Nf3 {[%clk 0:29:15]} Qe6 {[%clk 0:53:56]} 23. Bb3 {[%clk
0:29:01]} Na5 {[%clk 0:52:32]} 24. Nd4 {[%clk 0:25:46]} Qe5 {[%clk 0:50:26]} 25.
h4 {[%clk 0:23:21]} Re8 {[%clk 0:45:30]} 26. Bb4 {[%clk 0:19:19]} Nxb3 {[%clk
0:45:03]} 27. axb3 {[%clk 0:19:43]} a5 {[%clk 0:44:27]} 28. Nf3 {[%clk 0:18:35]}
Qc7 {[%clk 0:42:26]} 29. Ba3 {[%clk 0:18:40]} h6 {[%clk 0:39:21]} 30. Nd4 {[%clk
0:17:50]} a4 {[%clk 0:35:31]} 31. Nb5 {[%clk 0:15:08]} 1/2-1/2